Normal view
MARC view
- Pride W M & Ferrell O C
Entry Personal Name
001 - CONTROL NUMBER
- control field: 118343
003 - CONTROL NUMBER IDENTIFIER
- control field: OSt
005 - DATE AND TIME OF LATEST TRANSACTION
- control field: 20230125045731.0
008 - FIXED-LENGTH DATA ELEMENTS
- fixed length control field: 230125|| aca||aabn | a|a d
040 ## - CATALOGING SOURCE
- Original cataloging agency: OSt
- Transcribing agency: OSt
100 ## - HEADING--PERSONAL NAME
- Personal name: Pride W M & Ferrell O C
670 ## - SOURCE DATA FOUND
- Source citation: Work cat.: (OSt)96371: Pride W M 118342, Principles Of Marketing, 2020